[Event "Mecklenburg VP LL2 Ost 1819"]
[Site "Mecklenburg VP"]
[Date "2018.12.16"]
[Round "4.3"]
[White "Klugmann, Horst"]
[Black "Kilp, Andreas"]
[Result "1-0"]
[WhiteElo "1631"]
[BlackElo "1683"]
[PlyCount "141"]
[EventDate "2018.10.21"]
[EventType "team-tourn"]
[EventRounds "9"]
[EventCountry "GER"]
[SourceTitle "EXT 2022"]
[Source "ChessBase"]
[SourceDate "2021.10.06"]
[SourceVersion "1"]
[SourceVersionDate "2021.10.06"]
[SourceQuality "1"]
[WhiteTeam "Ribnitz Damgarten"]
[BlackTeam "Torgelow Droegeheide II"]
[WhiteTeamCountry "GER"]
[BlackTeamCountry "GER"]

1. d4 d5 2. c4 e6 3. Nc3 Nf6 4. cxd5 exd5 5. Bg5 Be7 6. e3 Bf5 7. Bxf6 Bxf6 8. Qb3 Bc8 9. Qxd5 Nd7 10. Qe4+ Qe7 11. Bd3 c6 12. Nf3 g6 13. 0-0 0-0 14. Qxe7 Bxe7 15. Rac1 Nb6 16. h3 Be6 17. a3 Rad8 18. Rfd1 Bb3 19. Bc2 Be6 20. Nd2 Rfe8 21. b4 Rd7 22. Nce4 f5 23. Nc5 Bxc5 24. bxc5 Nd5 25. Bb3 Kg7 26. Nf3 Nf6 27. Bxe6 Rxe6 28. Ne5 Rc7 29. Rd3 Rc8 30. f3 Re7 31. Kf2 Rd8 32. Rb3 Rc8 33. Rcb1 Rcc7 34. Nc4 Nd5 35. a4 g5 36. Nd6 Kf6 37. e4 fxe4 38. fxe4 Nf4 39. e5+ Ke6 40. Rxb7 Kd5 41. Rxc7 Rxc7 42. Rd1 h5 43. Kf3 Rg7 44. a5 Ne6 45. Ke3 Nf4 46. Kf2 Ne6 47. g3 Rg8 48. Ke3 Rb8 49. Rd3 Rb1 50. Nc8 Ra1 51. Ne7+ Kc4 52. Nxc6 Rg1 53. Ke4 h4 54. g4 a6 55. Rf3 Ng7 56. Nb8 Re1+ 57. Re3 Rf1 58. Re2 Rf4+ 59. Ke3 Ne6 60. Rf2 Rxd4 61. Rc2+ Kb3 62. Rc1 Kb2 63. Rf1 Rb4 64. Nxa6 Rb3+ 65. Ke4 Rxh3 66. c6 Rg3 67. Rf6 Rxg4+ 68. Kd5 Nf4+ 69. Rxf4 Rxf4 70. c7 Rf8 71. Nc5 1-0

[Event "Mecklenburg VP LL2 Ost 1819"]
[Site "Mecklenburg VP"]
[Date "2018.11.25"]
[Round "3.5"]
[White "Klugmann, Horst"]
[Black "Roeste, Stein"]
[Result "1-0"]
[WhiteElo "1631"]
[BlackElo "1538"]
[PlyCount "41"]
[EventDate "2018.10.21"]
[EventType "team-tourn"]
[EventRounds "9"]
[EventCountry "GER"]
[SourceTitle "EXT 2022"]
[Source "ChessBase"]
[SourceDate "2021.10.06"]
[SourceVersion "1"]
[SourceVersionDate "2021.10.06"]
[SourceQuality "1"]
[WhiteTeam "Ribnitz Damgarten"]
[BlackTeam "Rostock Makkabi"]
[WhiteTeamCountry "GER"]
[BlackTeamCountry "GER"]

1. d4 d5 2. c4 c6 3. Nf3 Nf6 4. e3 Bg4 5. h3 Bh5 6. Nc3 e6 7. a3 a6 8. Be2 Be7 9. 0-0 Nbd7 10. Bd2 0-0 11. c5 h6 12. b4 Nh7 13. Ne5 Bxe2 14. Qxe2 Nxe5 15. dxe5 b5 16. Qg4 f5 17. Qg6 Qd7 18. Ne2 Rf7 19. Nd4 Nf8 20. Qh5 Kh7 21. Qxf7 1-0

[Event "Mecklenburg VP LL2 Ost 1718"]
[Site "Mecklenburg VP"]
[Date "2017.12.10"]
[Round "4.4"]
[White "Onasch, Gunnar"]
[Black "Klugmann, Horst"]
[Result "1-0"]
[WhiteElo "1804"]
[BlackElo "1631"]
[PlyCount "71"]
[EventDate "2017.10.08"]
[EventType "team-tourn"]
[EventRounds "9"]
[EventCountry "GER"]
[SourceTitle "EXT 2022"]
[Source "ChessBase"]
[SourceDate "2021.10.06"]
[SourceVersion "1"]
[SourceVersionDate "2021.10.06"]
[SourceQuality "1"]
[WhiteTeam "Waterkant Saal SV"]
[BlackTeam "Ribnitz Damgarten"]
[WhiteTeamCountry "GER"]
[BlackTeamCountry "GER"]

1. d4 d5 2. c4 e6 3. Nc3 Nf6 4. Nf3 Nbd7 5. Bf4 c6 6. Qc2 dxc4 7. e4 Nb6 8. Rd1 Nh5 9. Be3 Nf6 10. Ne5 Be7 11. Nxc4 Nxc4 12. Bxc4 Qa5 13. Be2 0-0 14. 0-0 Rd8 15. a3 Rd7 16. Bf3 Qd8 17. Rd2 b6 18. Rfd1 Bb7 19. b4 Rc8 20. Qb3 Qe8 21. h3 h6 22. g4 Kf8 23. Qb1 Kg8 24. Kg2 Nh7 25. Kh2 Bg5 26. Bxg5 Nxg5 27. Bg2 Rcd8 28. Qc2 Qe7 29. e5 Nh7 30. Ne4 c5 31. bxc5 Bxe4 32. Bxe4 bxc5 33. Bxh7+ Kf8 34. dxc5 Rxd2 35. Rxd2 Rc8 36. Rd6 1-0

[Event "Mecklenburg VP LL2 Ost 1011"]
[Site "Mecklenburg VP"]
[Date "2011.03.20"]
[Round "8.3"]
[White "Klugmann, Horst"]
[Black "Goretzki, Norbert"]
[Result "1/2-1/2"]
[WhiteElo "1728"]
[BlackElo "1771"]
[PlyCount "145"]
[EventDate "2010.10.10"]
[EventType "team-tourn"]
[EventRounds "9"]
[EventCountry "GER"]
[SourceTitle "EXT 2022"]
[Source "ChessBase"]
[SourceDate "2021.10.06"]
[SourceVersion "1"]
[SourceVersionDate "2021.10.06"]
[SourceQuality "1"]
[WhiteTeam "Ribnitz Damgarten"]
[BlackTeam "Stralsund FHSG II"]
[WhiteTeamCountry "GER"]
[BlackTeamCountry "GER"]

1. d4 d5 2. c4 e6 3. Nc3 Nf6 4. cxd5 exd5 5. Bg5 Be7 6. Nf3 0-0 7. e3 Bf5 8. Bd3 Bxd3 9. Qxd3 c6 10. 0-0 Nbd7 11. Rab1 h6 12. Bxf6 Nxf6 13. b4 a6 14. Rfc1 Bd6 15. a4 Qd7 16. Rb3 Rfc8 17. a5 Qe7 18. Rcb1 g5 19. Qf5 Qe6 20. Qxe6 fxe6 21. Na4 Re8 22. Nc5 Rab8 23. h3 Kf7 24. g3 Re7 25. Kg2 Rg8 26. Rh1 h5 27. Rbb1 Kg6 28. Rbe1 Ne4 29. Nd3 Rf8 30. Nfe5+ Kh6 31. Re2 Nc3 32. Rc2 Nb5 33. Rf1 Bxe5 34. Nxe5 Rc7 35. f3 Rf6 36. Rcf2 Nd6 37. g4 Rg7 38. f4 gxf4 39. exf4 Kh7 40. g5 Ne4 41. Rc2 Nxg5 42. Kh2 Ne4 43. Rg2 Rxg2+ 44. Kxg2 Rf8 45. Kh2 Rg8 46. f5 Rf8 47. Rg1 exf5 48. Rc1 Rf6 49. Rg1 f4 50. Kg2 Nd2 51. Rd1 f3+ 52. Kf2 Ne4+ 53. Ke3 f2 54. Rf1 Kg7 55. Nd3 Kg6 56. Nxf2 Nd6 57. Rg1+ Kh6 58. Nd3 Nf5+ 59. Kf4 Ng7+ 60. Ke3 Rf8 61. Ne5 Nf5+ 62. Kd3 Nh4 63. Ke3 Re8 64. Rf1 Re7 65. Rf7 Rxf7 66. Nxf7+ Kg6 67. Nd6 Nf5+ 68. Nxf5 Kxf5 69. Kf3 Kg5 70. Kg3 Kf5 71. Kf3 Kg5 72. Kg3 Kf5 73. Kf3 1/2-1/2